00799nai a2200193Ia 4500003000900000008004100009022002200050022002300072040001600095245008100111260008600192310001400278362002800292521006900320650003000389650003600419650005700455856009300512IN-BaIIA211028c9999 xx s 000 0 eng d a2168-2690 (Print) a2168-2704 (Online) cIIA Library 0aTransactions of the IRE Professional Group on Information Theoryh[eJournal] aNew York, USAbThe Institute of Electrical and Electronics Engineers, Inc. (IEEE) aBiannualy a1(1); 1953 - 4(4); 1954 bSubscribed through National Knowledge Resource Consortium (NKRC) a Computing and Processing a Signal Processing and Analysis aCommunication, Networking and Broadcast Technologies uhttps://ieeexplore.ieee.org/servlet/opac?punumber=4547596yClick Here to Access eJournal